000 00788cam a2200217 4500
001 WB3819-19
008 020521n2002 000 0 eng u
035 _a(Sirsi) u118074
245 _aEurostat report on land use
260 _c2002
490 _aRICS European Alert
_vMay 2002, (7)
520 _aEurostat, the European Commission and the Joint Research Council have published a report on land use and cover in 13 member states. The UK and Ireland are excluded as the figures were compiled during the foot and mouth outbreak. Report available from http://www.europa.eu.int/comm/eurostat
590 _aWB
650 _aEUROSTAT
650 _aLand use
_96251
650 _aEUROPEAN UNION
650 _aLUCAS
650 _aEU
690 _aINTERNATIONAL-EUROPE
942 _n0
999 _c70313
_d70313